Online Catalogue and eLibrary

Pennin vidiyalai nokki (Record no. 4302)

MARC details
000 -LEADER
fixed length control field 00401nam a2200169Ia 4500
005 - DATE AND TIME OF LATEST TRANSACTION
control field 20250509060019.0
008 - FIXED-LENGTH DATA ELEMENTS--GENERAL INFORMATION
fixed length control field 240331s9999 xx 000 0 und d
082 ## - DDC Classification
Item Number - Author Mark SUL
Class No. 891
100 ## - MAIN ENTRY--PERSONAL NAME
Personal name Sulachana, T
245 #0 - TITLE STATEMENT
Title Pennin vidiyalai nokki
260 ## - PUBLICATION, DISTRIBUTION, ETC.
Place of publication, distribution, etc. Chennai
Name of publisher, distributor, etc. Manimegalai prasooram
Date of publication, distribution, etc. 2007
300 ## - PHYSICAL DESCRIPTION
Extent (e.g. Volumes, Pages etc.) 240 p .,
650 ## - SUBJECT ADDED ENTRY--TOPICAL TERM
Topical term or geographic name entry element Poems
650 ## - SUBJECT ADDED ENTRY--TOPICAL TERM
Topical term or geographic name entry element Articles
650 ## - SUBJECT ADDED ENTRY--TOPICAL TERM
Topical term or geographic name entry element Short Stories
942 ## - Koha item type (Biblio)
Koha item type Books in Stacks (Lending)
Holdings
Lost status Damaged status Collection code Home library Current library Shelving location Date acquired Full call number Accession Number Item type
    Lending WERC Library WERC Library Social Science Cupboard 03/31/2024 894.811 SUL 5796 Books in Stacks (Lending)

© WERC Library